000 00643 a2200205 4500
005 20240502142846.0
010 _aB-758841
020 _a8121003784
_c195.00
035 _aB-758841
037 _bGift/Unesco
082 _a307.772
245 _aTribal Policy in India/
_bEdited by- Bhupinder Singh [and] Neeti Mahanti
260 _aNew Delhi
_bInter India Publication
_c1997
270 _aNew Delhi
300 _a136 p.;
_c22cm. (Hb)
_bIndex
700 _aBhupinder Singh
_965468
700 _aMahanti, Neeti
_965474
942 _adpl
_cEN
_2ddc
_h307.772
_mTRI
999 _c202552
_d202552